000 00750nam a22002417a 4500
003 UA-OsUOA
001 27839
007 ta
008 20040915b un ||||| |||| 00| 0 ukr d
100 _aМельничук-Лучко Л.
090 _a929:792
_bМ48
942 _cBK
040 _aUA-OsUOA
_brus
_cUA-OsUOA
_dUA-OsUOA
245 _aВасилий Сергеевич Яременко
_bНародный артист СССР
300 _a40 с.
_bІлюстрації
955 _a0
041 _arus
080 _a929:792
260 _aКиїв
_bДержавне видавництво образотворчого мистецтва і музичної літератури
_c1960
044 _aRU
650 7 _2UDC
999 _c314191
_d314191